La agresividad humana
Saved in:
| 主要作者: | |
|---|---|
| 格式: | 圖書 |
| 語言: | 西班牙语 |
| 出版: |
Barcelona
Herder
1978
|
| 叢編: | Biblioteca de Psicología, 47
|
| 主題: | |
| 標簽: |
添加標簽
沒有標簽, 成為第一個標記此記錄!
|
MARC
| LEADER | 00000nam a2200000 a 4500 | ||
|---|---|---|---|
| 001 | UCW5962 | ||
| 003 | CL-VaPUC | ||
| 008 | 910909e19780000SP |||||||||||||||||spa|d | ||
| 082 | 0 | 4 | |a 155.232 |b VAN |2 21 |
| 100 | 0 | |a Van Rillaer, Jacques |e author |9 310998 | |
| 245 | 1 | 3 | |a La agresividad humana |
| 300 | |a 219 p | ||
| 942 | |c BK | ||
| 945 | |d 19910909 00:00:00 | ||
| 260 | |a Barcelona |b Herder |c 1978 | ||
| 650 | 0 | |a Hostilidad |9 308223 | |
| 650 | 0 | |a Psicología |9 257863 | |
| 650 | 0 | |a Personalidad |9 307255 | |
| 650 | 0 | |a Agresividad |9 257862 | |
| 583 | |a last modification |c 20180514 10:12:25 |k Rodrigo Vera | ||
| 490 | 0 | |a Biblioteca de Psicología, 47 | |
| 999 | |c 219220 |d 219218 | ||
| 952 | |0 0 |1 0 |4 0 |6 155_232000000000000_VAN_1978 |7 0 |8 P |9 209865 |a BIBEDU |b BIBEDU |c BIBEDU_PB |d 2019-11-15 |i 2778106 |o 155.232 VAN 1978 |p 2778106 |r 2024-01-25 |w 2019-11-15 |y BK |k EDU | ||